| 000 | 02241nam a2200505 c 4500 | ||
|---|---|---|---|
| 001 | 21983 | ||
| 003 | ES-MaCES | ||
| 005 | 20141221122747.0 | ||
| 008 | 090313s2008 sp d t 000 | spa d | ||
| 017 |
_aSE 7595-2008 _bDL |
||
| 020 | _a9788473512817 | ||
| 024 | 7 |
_a329-08-023-X _2nipo |
|
| 035 | _aCES20090003126m | ||
| 040 |
_aES-MaCES _bspa _cES-MaCES |
||
| 041 | 1 |
_aspa _heng _hfre |
|
| 245 | 0 | 0 |
_aReducir el papeleo _b: estrategias nacionales para la simplificación administrativa _ctraducción de Eduardo Larrea ; [publ. originariamente por la] OCDE |
| 250 | _a1ª ed | ||
| 260 |
_aMadrid _bInstituto Nacional de Administración Pública _c2008 |
||
| 300 |
_a117 p. _bgráf. bl. y n. _c24 cm |
||
| 490 | 1 | _aEstudios y documentos | |
| 500 | _aPubl. originariamente en inglés y francés bajo los títs. respectivamente: Cutting red tape, national strategies for administrative simplification ; Éliminer la paperasserie, des stratégies nationales pour simplifier les formalités administratives | ||
| 504 | _aBibliografía: p. 109-110 | ||
| 541 | _cCompra | ||
| 650 | 4 |
_aadministración pública _927214 |
|
| 650 | 4 |
_aburocracia _927226 |
|
| 650 | 4 |
_adocumento _928932 |
|
| 650 | 4 |
_aservicio administrativo _930097 |
|
| 650 | 4 |
_agestión electrónica de documentos _930570 |
|
| 650 | 4 |
_areforma administrativa _927223 |
|
| 650 | 4 |
_aprocedimiento administrativo _930919 |
|
| 650 | 4 |
_aracionalización _928206 |
|
| 650 | 4 |
_apolítica gubernamental _927211 |
|
| 650 | 4 |
_aevaluación del impacto _930732 |
|
| 650 | 4 |
_apaís de la OCDE _929055 |
|
| 653 | 1 | 0 | _aAdministración-Instituciones públicas |
| 700 | 1 |
_aLarrea, Eduardo _etr. _916232 |
|
| 710 | 2 |
_aInstituto Nacional de Administración Pública (España) _eed. _94265 |
|
| 710 | 2 |
_aOrganización de Cooperación y Desarrollo Económico _94694 |
|
| 740 | 0 | 2 | _aCutting red tape, national strategies for administrative simplification |
| 740 | 0 | 2 | _aÉliminer la paperasserie, des stratégies nationales pour simplifier les formalités administratives |
| 830 | 0 |
_aEstudios y documentos (Instituto Nacional de Administración Pública (España)) _934268 |
|
| 902 | _aLIB Libro | ||
| 942 |
_2CES _cBK _h6.3. |
||
| 999 |
_c21983 _d21983 |
||